| 000 | 01552nam a2200373 a 4500 | ||
|---|---|---|---|
| 001 | ebr10273768 | ||
| 003 | CaPaEBR | ||
| 006 | m u | ||
| 007 | cr cn||||||||| | ||
| 008 | 061204s2007 ilu sb 001 0 eng | ||
| 010 | _z 2006039645 | ||
| 020 | _z0226983633 (cloth : alk. paper) | ||
| 020 | _z9780226983639 (cloth : alk. paper) | ||
| 040 |
_aCaPaEBR _cCaPaEBR |
||
| 035 | _a(OCoLC)646793607 | ||
| 043 | _ae------ | ||
| 050 | 1 | 4 |
_aBL98.7 _b.Z55 2007eb |
| 082 | 0 | 4 |
_a306.6 _222 |
| 100 | 1 | _aZiolkowski, Theodore. | |
| 245 | 1 | 0 |
_aModes of faith _h[electronic resource] : _bsecular surrogates for lost religious belief / _cTheodore Ziolkowski. |
| 260 |
_aChicago : _bUniversity of Chicago Press, _c2007. |
||
| 300 | _axii, 283 p. | ||
| 504 | _aIncludes bibliographical references (p. 239-272) and index. | ||
| 533 |
_aElectronic reproduction. _bPalo Alto, Calif. : _cebrary, _d2013. _nAvailable via World Wide Web. _nAccess may be limited to ebrary affiliated libraries. |
||
| 650 | 0 |
_aImplicit religion _zEurope _xHistory _y20th century. |
|
| 650 | 0 |
_aReligion and literature _zEurope _xHistory _y20th century. |
|
| 650 | 0 |
_aSecularism _zEurope _xHistory _y20th century. |
|
| 650 | 0 | _aSecularism in literature. | |
| 650 | 0 |
_aEuropean literature _y20th century _xHistory and criticism. |
|
| 651 | 0 |
_aEurope _xReligion _y20th century. |
|
| 655 | 7 |
_aElectronic books. _2local |
|
| 710 | 2 | _aebrary, Inc. | |
| 856 | 4 | 0 |
_uhttp://site.ebrary.com/lib/rucke/Doc?id=10273768 _zAn electronic book accessible through the World Wide Web; click to view |
| 999 |
_c7022 _d7022 |
||